Normal view
MARC view
- قانون المالكين والمستأجرين-القانون المدني-الاردن
Entry Topical Term
001 - CONTROL NUMBER
- control field: 62804
003 - CONTROL NUMBER IDENTIFIER
- control field: JO-AjAnu
005 - DATE AND TIME OF LATEST TRANSACTION
- control field: 20230606084245.0
008 - FIXED-LENGTH DATA ELEMENTS
- fixed length control field: 230606|| aca||aabn | a|a d
040 ## - CATALOGING SOURCE
- Original cataloging agency: JO-AjAnu
- Transcribing agency: JO-AjAnu
150 ## - HEADING--TOPICAL TERM
- Topical term or geographic name entry element: قانون المالكين والمستأجرين-القانون المدني-الاردن
670 ## - SOURCE DATA FOUND
- Source citation: Work cat.: (JO-AjAnu)32024: يحيى، ابراهيم خالد, author 62803, شرح قانون المالكين والمستأجرين الاردني لسنة 1953 في ضوء الفقة والاجتهاد القضائي: دراسة مقارنة بقانون المالكين والمستاجرين الأردني لسنة 1994 وتعديلانة